000 00543nam a2200217Ia 4500
005 20241129115553.0
008 241129s9999||||xx |||||||||||||| ||und||
020 _a9789388552182
037 _aTB
040 _aSDCL
_beng
_cSDCL
041 _ahin
_2hin
084 _aQ1 R0
_qSDCL
100 _aSingh Yogendra
245 0 _aVedic sanskaron ki vaigyanikta
260 _aDelhi
_bMomentam Publishers
_c2020
300 _av,279p
365 _aINR
_b1450
650 _aSanskrit
942 _cTB
_hQ1 R0
999 _c1231031
_d1231031